banner

Melloni's: (Registro nro. 854)

000 -LEADER
fixed length control field 00869nam a22002537 4500
003 - CONTROL NUMBER IDENTIFIER
control field AR-BaISA
005 - DATE AND TIME OF LATEST TRANSACTION
control field 20220408185714.0
007 - PHYSICAL DESCRIPTION FIXED FIELD--GENERAL INFORMATION
fixed length control field ta
008 - FIXED-LENGTH DATA ELEMENTS--GENERAL INFORMATION
fixed length control field 220408b2011 sp ad||f |||| 001 0 spa d
020 ## - INTERNATIONAL STANDARD BOOK NUMBER
International Standard Book Number 9788471017406
040 ## - CATALOGING SOURCE
Language of cataloging spa
Transcribing agency AR-BaISA
082 04 - DEWEY DECIMAL CLASSIFICATION NUMBER
Edition number 22
Classification number 611 M498
100 1# - MAIN ENTRY--PERSONAL NAME
9 (RLIN) 2018
Personal name Melloni, June L.
245 ## - TITLE STATEMENT
Title Melloni's:
Remainder of title secretos de anatomía imprescindibles para el estudiante /
Statement of responsibility, etc. June L. Melloni, Ida G. Dox, H. Paul Melloni, B. John Melloni
260 ## - PUBLICATION, DISTRIBUTION, ETC.
Place of publication, distribution, etc. Madrid:
Name of publisher, distributor, etc. Marbán,
Date of publication, distribution, etc. 2011
300 ## - PHYSICAL DESCRIPTION
Extent VII, 408 p.:
Other physical details il., gráfs., tablas
504 ## - BIBLIOGRAPHY, ETC. NOTE
Bibliography, etc. note Índice analítico p.:397-408.
505 ## - FORMATTED CONTENTS NOTE
Title Arterias --
-- Huesos --
-- Músculos --
-- Nervios --
-- Venas --
-- Ligamentos
650 14 - SUBJECT ADDED ENTRY--TOPICAL TERM
9 (RLIN) 47
Topical term or geographic name entry element Anatomía humana
700 1# - ADDED ENTRY--PERSONAL NAME
9 (RLIN) 2019
Personal name Dox, Ida G.
Relator term aut
700 1# - ADDED ENTRY--PERSONAL NAME
9 (RLIN) 2020
Personal name Melloni, H. Paul
Relator term aut
700 1# - ADDED ENTRY--PERSONAL NAME
9 (RLIN) 2021
Personal name Melloni, B. John
942 ## - ADDED ENTRY ELEMENTS (KOHA)
Source of classification or shelving scheme
Koha item type Libros
Edition 22
Existencias
Withdrawn status Lost status Source of classification or shelving scheme Damaged status Not for loan Permanent Location Current Location Date acquired Inventory number Total Checkouts Total Renewals Full call number Barcode Date last seen Date last checked out Price effective from Koha item type
          Biblioteca ISALUD. Dr. Néstor Rodríguez Campoamor Biblioteca ISALUD. Dr. Néstor Rodríguez Campoamor 2022-04-08 1093 13 11 611 M498 1093 2025-04-21 2024-08-29 2022-04-08 Libros